Derecho de familia / (Record no. 90589)
[ view plain ]
| 000 -LEADER | |
|---|---|
| campo de control de longitud fija | 00974nam a2200241 i 4500 |
| 001 - NÚMERO DE CONTROL | |
| campo de control | 90589 |
| 003 - IDENTIFICADOR DE NÚMERO DE CONTROL | |
| campo de control | ES-MaACL |
| 005 - FECHA Y HORA DE LA ÚLTIMA TRANSACCIÓN | |
| campo de control | 20250809064503.0 |
| 007 - CAMPO FIJO DE DESCRIPCIÓN FÍSICA--INFORMACIÓN GENERAL | |
| campo de control de longitud fija | t| |
| 008 - DATOS DE LONGITUD FIJA--INFORMACIÓN GENERAL | |
| campo de control de longitud fija | 050121s1953 sp ||||1| spa d |
| 100 1# - ENTRADA PRINCIPAL--NOMBRE DE PERSONA | |
| Nombre de persona | Lehmann, Heinrich. |
| 9 (RLIN) | 71332 |
| 245 10 - MENCIÓN DEL TÍTULO | |
| Título | Derecho de familia / |
| Mención de responsabilidad, etc. | Heinrich Lehmann ; traducción de la segunda edición alemana, con orientación sobre la legislación española por José Mª Navas. |
| 260 ## - PUBLICACIÓN, DISTRIBUCIÓN, ETC. | |
| Lugar de publicación, distribución, etc. | Madrid : |
| Nombre del editor, distribuidor, etc. | Revista de Derecho Privado, |
| Fecha de publicación, distribución, etc. | [1953] ( |
| Fabricante | González) |
| 300 ## - DESCRIPCIÓN FÍSICA | |
| Extensión | XXIV, 503 p. ; |
| Dimensiones | 24 cm. |
| 490 1# - MENCIÓN DE SERIE | |
| Mención de serie | Tratado de derecho civil ; |
| Designación de volumen o secuencia | 4 |
| 490 1# - MENCIÓN DE SERIE | |
| Mención de serie | Serie C: Grandes tratados generales de derecho privado y público ; |
| Designación de volumen o secuencia | 38 |
| 650 #4 - PUNTO DE ACCESO ADICIONAL DE MATERIA--TÉRMINO DE MATERIA | |
| Término de materia o nombre geográfico como elemento de entrada | Derecho de familia- |
| Subdivisión geográfica | Alemania. |
| 9 (RLIN) | 168083 |
| 700 1# - ENTRADA AGREGADA--NOMBRE PERSONAL | |
| Nombre de persona | Navas, José María. |
| 9 (RLIN) | 85201 |
| 830 0# - PUNTO DE ACCESO ADICIONAL DE SERIE-TÍTULO UNIFORME | |
| Título uniforme | Tratado de derecho civil ; |
| Designación de volumen o secuencia | 4 |
| 9 (RLIN) | 231949 |
| 830 00 - PUNTO DE ACCESO ADICIONAL DE SERIE-TÍTULO UNIFORME | |
| Título uniforme | Grandes tratados generales de derecho privado y público |
| Designación de volumen o secuencia | 38 |
| 9 (RLIN) | 233176 |
| 852 ## - LOCALIZACIÓN | |
| Ubicación | ES-MaACL |
| Número de control de estantería | E-3351 |
| Sublocalización o colección | R.35443 |
| Estatus retirado | Estado de pérdida | Estado de daño | No para préstamo | Biblioteca de origen | Biblioteca actual | Ubicación en estantería | Fecha de adquisición | Fuente de adquisición | Total de préstamos | Signatura topográfica completa | Código de barras | Visto por última vez | Precio de reemplazo | Tipo de ítem Koha |
|---|---|---|---|---|---|---|---|---|---|---|---|---|---|---|
| Biblioteca del Ateneo de Madrid | Biblioteca del Ateneo de Madrid | Depósito 2 | 17/01/2008 | E-3351 | 1094594 | 23/02/2023 | 23/02/2023 | Libro impreso |
